El juego del Dinero (Registro nro. 6044)
[ vista simple ]
| 000 -LEADER | |
|---|---|
| fixed length control field | 01462 a2200205 4500 |
| 001 - CONTROL NUMBER | |
| control field | 56780 |
| 005 - DATE AND TIME OF LATEST TRANSACTION | |
| control field | 20260407155831.0 |
| 008 - FIXED-LENGTH DATA ELEMENTS--GENERAL INFORMATION | |
| fixed length control field | 260407a2006 arg spa d |
| 003 - CONTROL NUMBER IDENTIFIER | |
| control field | AR-UNSa-BCEJYS |
| 040 ## - CATALOGING SOURCE | |
| Original cataloging agency | AR-UNSa-BCEJYS |
| Language of cataloging | spa |
| Transcribing agency | AR-UNSa-BCEJYS |
| 080 ## - UNIVERSAL DECIMAL CLASSIFICATION NUMBER | |
| Universal Decimal Classification number | 330.567.28 |
| Common auxiliary subdivision | Economía y Finanzas de los particulares |
| 100 1# - MAIN ENTRY--PERSONAL NAME | |
| Personal name | Kiyosaki, Robert T. |
| 245 10 - TITLE STATEMENT | |
| Title | El juego del Dinero |
| Name of part/section of a work | Por qué los inversionista lentos pierden ¡ y el dinero rápido gana ! |
| 264 #1 - PRODUCTION, PUBLICATION, DISTRIBUTION, MANUFACTURE, AND COPYRIGHT NOTICE | |
| Place of production, publication, distribution, manufacture | Buenos Aires : |
| Name of producer, publisher, distributor, manufacturer | Aguilar |
| Date of production, publication, distribution, manufacture, or copyright notice | 2006 |
| 300 ## - PHYSICAL DESCRIPTION | |
| Extent | 366 p. |
| Dimensions | 24 cm. |
| 505 ## - FORMATTED CONTENTS NOTE | |
| Formatted contents note | 1. ¿Cómo puedes convertir 10.000 dólares en diez millones, en diez años? – 2. ¿En qué debería invertir? – 3. Pregunta a un vendedor – 4. Pregunta al dueño de un rancho de ganado y luego a un granjero que produzca lácteos – 5. Pregunta a tu banquero – 6. Pregunta a tu agente de seguro – 7. Pregunta al hombre de los impuestos – 8. Pregunta a un periodista – 9. Pregunta a un apostador – 10. Pregunta a Newton – 11. Pregunta al padre Tiempo – 12. Pregunta a un inversionista – 13. Cuatro razones por las que algunas personas no pueden convertirse en inversionistas con poder – 14. El poder de las inversiones con poder – 15. Apostar en lugar de invertir – 16. Como encontrar excelentes inversiones – 17. Como ser un gran inversionista – 18. Conclusión: ¿ganador o perdedor? |
| 590 ## - LOCAL NOTE (RLIN) | |
| Local note | niveau_biblio:m niveau_hierar:0 |
| 700 1# - ADDED ENTRY--PERSONAL NAME | |
| Personal name | Rovine, Maria Andrea |
| 942 ## - ADDED ENTRY ELEMENTS (KOHA) | |
| Koha item type | |
| Withdrawn status | Lost status | Damaged status | Not for loan | Home library | Current library | Shelving location | Date acquired | Total checkouts | Full call number | Barcode | Date last seen | Price effective from | Koha item type |
|---|---|---|---|---|---|---|---|---|---|---|---|---|---|
| Biblioteca Prof. Eusebio Cleto del Rey | Biblioteca Prof. Eusebio Cleto del Rey | 07/04/2026 | 330.567.28 K46j | L116830 | 07/04/2026 | 07/04/2026 | Libro |